000 01277 a2200253 4500
003 Nust
005 20230830084044.0
010 _a 00030612
020 _c1580531008 (alk. paper)
040 _cNust
082 0 0 _a621.38132,ZHA
100 1 _aZhang, Q. J.
_996948
245 1 0 _aNeural networks for RF and microwave design (Include CD) /
_cQ. J. Zhang, K. C. Gupta.
260 _aBoston :
_bArtech House,
_cc2000.
300 _axvii, 369 p. :
_bill. ;
_c23 cm. +
_e1 computer optical disc (4 3/4 in.)
440 0 _aArtech House microwave library
_928737
505 _aIntroduction and Overview.(Page-1), Modeling and Optimization for Design (Page-11), Neural Network Structures (Page-61), Training of Neural Networks (Page-105), Models for RF/Microwave Components (Page-155), Modeling of High speed IC Interconnects (Page-195), Active Device Modeling Using Neural Network (Page-227), Design Analysis and Optimization (Page-249), Knowledge-Based ANN Models (Page-283), Concluding Remarks and Emerging Trends (Page-337),
650 0 _aNeural networks (Computer science)
_918586
650 0 _aRadio circuits
_xComputer-aided design.
_996949
650 0 _aTelecommunication Engineering
651 _a(Include CD)
_98953
700 1 _aGupta, K. C.
_971064
942 _cREF
_2ddc
999 _c178583
_d178583